Normal view
MARC view
Entry Meeting Name
001 - CONTROL NUMBER
- control field: 23200
003 - CONTROL NUMBER IDENTIFIER
- control field: ARRUPE
005 - DATE AND TIME OF LATEST TRANSACTION
- control field: 20160322121408.0
008 - FIXED-LENGTH DATA ELEMENTS
- fixed length control field: 160322|| aca||aabn | a|a d
040 ## - CATALOGING SOURCE
- Original cataloging agency: ARRUPE
- Transcribing agency: ARRUPE
111 ## - HEADING--MEETING NAME
- Meeting name or jurisdiction name as entry element: Symposium on Cinema in Developing Countries
- Date of meeting: (1979 :
- Location of meeting: New Delhi, India)
670 ## - SOURCE DATA FOUND
- Source citation: Work cat.: (ARRUPE)0: Symposium on Cinema in Developing Countries (1979 : New Delhi, India), Symposium on Cinema in Developing Countries /, 1979.